<?xml version="1.0" encoding="UTF-8"?>
<collection xmlns="http://www.loc.gov/MARC21/slim">
 <record>
  <leader>02190nam a2200277 a 4500</leader>
  <controlfield tag="001">1/45387</controlfield>
  <controlfield tag="008">140827s2003    ne            001 0 eng  </controlfield>
  <datafield tag="020" ind1=" " ind2=" ">
   <subfield code="a">9780750675994</subfield>
  </datafield>
  <datafield tag="020" ind1=" " ind2=" ">
   <subfield code="a">0750675993</subfield>
  </datafield>
  <datafield tag="035" ind1=" " ind2=" ">
   <subfield code="l">48347</subfield>
  </datafield>
  <datafield tag="040" ind1=" " ind2=" ">
   <subfield code="a">OPELS</subfield>
   <subfield code="b">eng</subfield>
   <subfield code="c">OPELS</subfield>
   <subfield code="d">OCLCQ</subfield>
   <subfield code="d">OCLCF</subfield>
   <subfield code="d">GR-PeUP</subfield>
  </datafield>
  <datafield tag="100" ind1="1" ind2=" ">
   <subfield code="a">Ribbens, William B.</subfield>
  </datafield>
  <datafield tag="245" ind1="1" ind2="0">
   <subfield code="a">Understanding automotive electronics</subfield>
   <subfield code="h">[electronic resource] /</subfield>
   <subfield code="c">William B. Ribbens ; with contributions to previous editions by Norman P. Mansour ... [et al.].</subfield>
  </datafield>
  <datafield tag="250" ind1=" " ind2=" ">
   <subfield code="a">6th ed.</subfield>
  </datafield>
  <datafield tag="260" ind1=" " ind2=" ">
   <subfield code="a">Amsterdam ;</subfield>
   <subfield code="a">Boston :</subfield>
   <subfield code="b">Newnes,</subfield>
   <subfield code="c">c2003.</subfield>
  </datafield>
  <datafield tag="300" ind1=" " ind2=" ">
   <subfield code="a">1 online resource (ix, 470 p.) :</subfield>
   <subfield code="b">ill.</subfield>
  </datafield>
  <datafield tag="520" ind1=" " ind2=" ">
   <subfield code="a">In addition, the new edition explains new electronically controlled vehicle motion control systems including advanced suspension, electronically controlled electric power steering, 4-wheel steering and electronically controlled electric brakes. The braking systems are part of an integrated motion control system that couples ABS brakes; traction control and variable vehicle dynamics for enhanced stability are also described. The development of hybrid/electric vehicles and their associated electronic control/monitoring systems as well as the new technologies incorporated into conventional gasoline and diesel-fueled engines are also discussed. *Extensive revision of a popular text *Covers the shift from 14-volt to 42-volt systems *Includes information on future automotive electronic systems.</subfield>
  </datafield>
  <datafield tag="505" ind1="0" ind2=" ">
   <subfield code="a">Automotive Fundamentals; The Systems Approach to Control and Instrumentation; Electronics Fundamentals; Microcomputer Instrumentation and Control; The Basics of Electronic Engine Control; Sensors and Actuators; Digital Engine Control System; Vehicle Motion Control; Automotive Instrumentation; Diagnostics; Future Automotive Electronic Systems.</subfield>
  </datafield>
  <datafield tag="500" ind1=" " ind2=" ">
   <subfield code="a">Includes index.</subfield>
  </datafield>
  <datafield tag="650" ind1=" " ind2="4">
   <subfield code="a">Automobiles</subfield>
   <subfield code="x">Electronic equipment.</subfield>
  </datafield>
  <datafield tag="655" ind1=" " ind2="4">
   <subfield code="a">Electronic books.</subfield>
  </datafield>
  <datafield tag="700" ind1="1" ind2=" ">
   <subfield code="a">Mansour, Norman P.</subfield>
  </datafield>
  <datafield tag="852" ind1=" " ind2=" ">
   <subfield code="a">INST</subfield>
   <subfield code="b">UNIPILB</subfield>
   <subfield code="c">EBOOKS</subfield>
   <subfield code="e">20140827</subfield>
   <subfield code="p">00b48347</subfield>
   <subfield code="q">00b48347</subfield>
   <subfield code="t">ONLINE</subfield>
   <subfield code="y">0</subfield>
  </datafield>
  <datafield tag="856" ind1="4" ind2="0">
   <subfield code="3">ScienceDirect</subfield>
   <subfield code="u">http://www.sciencedirect.com/science/book/9780750675994</subfield>
  </datafield>
  <datafield tag="856" ind1="4" ind2=" ">
   <subfield code="d">/webopac/covers/03/48347_9780750675994.jpg</subfield>
  </datafield>
  <datafield tag="856" ind1="4" ind2=" ">
   <subfield code="d">/webopac/covers/03/48347_0750675993.jpg</subfield>
  </datafield>
 </record>
</collection>
